=LDR 00000nam 2200000 4500 =001 000347 =005 20250710024431 =035 ##$$a 0010-0725000203 =007 ta =008 250710################a##########0#ind## =020 ##$$a 978-623-118-814-4 =082 ##$$a 398.209 598 =084 ##$$a 398.209 598 NAD b =100 #$$a Nada P. R., Afifah =245 1#$$a Bagaimana Caranya? /$c Afifah Nada P.R. =250 ##$$a cetakan pertama =260 ##$$a Jakarta Timur :$b Badan pengembangan dan pembinaan bahasa,$c 2022 =300 ##$$a 24 hlm. : $b ilus. ; $c 29,7 cm$e 398.209 598 =650 #4$$a Cerita Anak-Indonesia =856 ##$$a TBM As Suhada =990 ##$$a TBM00620062